LEADER 02015oam 2200553M 450 001 9910715622803321 005 20191121065734.2 035 $a(CKB)5470000002513839 035 $a(OCoLC)1065829990 035 $a(OCoLC)995470000002513839 035 $a(EXLCZ)995470000002513839 100 $a20070221d1842 ua 0 101 0 $aeng 135 $aurcn||||||||| 181 $ctxt$2rdacontent 182 $cc$2rdamedia 183 $acr$2rdacarrier 200 10$aResolution to rescind a resolution of the Senate, passed the 16th January, 1837. December 8, 1842. Submitted, and ordered to be printed 210 1$a[Washington, D.C.] :$c[publisher not identified],$d1842. 215 $a1 online resource (1 page) 225 1 $aSenate document / 27th Congress, 3rd session. Senate ;$vno. 2 225 1 $a[United States congressional serial set ] ;$v[serial no. 414] 300 $aBatch processed record: Metadata reviewed, not verified. Some fields updated by batch processes. 300 $aFDLP item number not assigned. 606 $aNo confidence motions 606 $aGovernment publications$zUnited States 606 $aConstitutional law 606 $aExecutive power 606 $aLegislative amendments 606 $aResolutions, Legislative 606 $aPresidents 608 $aLegislative materials.$2lcgft 615 0$aNo confidence motions. 615 0$aGovernment publications 615 0$aConstitutional law. 615 0$aExecutive power. 615 0$aLegislative amendments. 615 0$aResolutions, Legislative. 615 0$aPresidents. 701 $aBayard$b Richard H$g(Richard Henry),$f1796-1868$pWhig (DE)$01408598 801 0$bWYU 801 1$bWYU 801 2$bOCLCO 801 2$bOCLCQ 801 2$bOCLCO 906 $aBOOK 912 $a9910715622803321 996 $aResolution to rescind a resolution of the Senate, passed the 16th January, 1837. December 8, 1842. Submitted, and ordered to be printed$93517478 997 $aUNINA LEADER 01118nam 2200397 450 001 9910812714503321 005 20230607204233.0 010 $a0-500-77066-2 035 $a(CKB)4100000009153917 035 $a(MiAaPQ)EBC5877983 035 $a(EXLCZ)994100000009153917 100 $a20190930d2002 uy 0 101 0 $aeng 135 $aurcnu|||||||| 181 $ctxt$2rdacontent 182 $cc$2rdamedia 183 $acr$2rdacarrier 200 10$aDictionary of Hindu lore and legend /$fAnna L. Dallapiccola 210 1$aLondon :$cThames & Hudson,$d2002. 215 $a1 online resource (508 pages) 311 $a0-500-28402-4 606 $aHindu legends$vDictionaries 606 $aHindu mythology$vDictionaries 606 $aHinduism$vDictionaries 615 0$aHindu legends 615 0$aHindu mythology 615 0$aHinduism 676 $a294.503 700 $aDallapiccola$b Anna L.$0596828 801 0$bMiAaPQ 801 1$bMiAaPQ 801 2$bMiAaPQ 906 $aBOOK 912 $a9910812714503321 996 $aDictionary of Hindu lore and legend$94114192 997 $aUNINA LEADER 00838nam a2200253 u 4500 001 991004402826207536 005 20251015123343.0 008 251015s2025 it r 001 0 ita d 020 $a9788833944562 040 $aBibl. Interfacoltà T. Pellegrino$bita 041 0 $aita 082 0 $a150.1954 082 0 $a306.8743 100 1 $aJung, Carl Gustav$0123547 240 14$aDie psychologischen Aspekte des Mutter-Archetypus 245 12$aL' archetipo della madre /$cCarl Gustav Jung ; traduzione di Lisa Baruffi 260 $aTorino :$bBollati Boringhieri,$c2025 300 $a73 p. ;$c16 cm 650 4$aMaternità$xArchetipi$xConcezione [di] Jung, Carl Gustav 700 1 $aBaruffi, Lisa 830 0$aSemicrome 912 $a991004402826207536 996 $aPsychologischen Aspekte des Mutter-Archetypus$94452258 997 $aUNISALENTO